000 00466nam a2200181Ia 4500
008 090122s9999 xx 000 0 und d
082 _b12338
100 _aMC
_bCOY
_cKEN
245 _aCATCH A FALLING STAR
260 _bPIATKUS
_c2002
300 _a297
501 _aरोहीत बुक सेंटर / बि.नं.2920-6.12.07
600 _aMC
630 _aCATCH A FALLING STAR
700 _aMC
730 _aCATCH A FALLING STAR
942 _cBOOK
999 _c36415
_d36415